El mundo de la ecología / (Registro nro. 14073)

Detalles MARC
000 -LIDER
fixed length control field 00827nam a2200277 4500
003 - IDENTIFICACDOR DE NÚMERO DE CONTROL
control field DO-SdBNP
005 - DATE AND TIME OF LATEST TRANSACTION
control field 20220314125556.0
008 - ELEMENTOS DE LONGITUD FIJA
fixed length control field 170112b2 ck||||| |||| 00| 0 spa d
020 ## - ISBN
International Standard Book Number 9789586774192
040 ## - FUENTE DE CATALOGACIÓN
Agencia que crea de manera original el registro BPMSU
Idioma de catalogación spa
Agencia que realiza la transcripción BPMSU
082 ## - NÚMERO DE CLASIFICACIÓN DECIMAL DE DEWEY
Classification number 574
Item number M965e
Edition number 22
100 ## - ASIENTO PRINCIPAL -- NOMBRE PERSONAL
Nombre personal
245 ## - MENCIÓN DE TITULO
Título El mundo de la ecología /
Mención de responsabilidad redacción de textos y epígrafes Jaime Banchs ... [et al.] ; edición gráfica e ilustración Victoria Grasa.
260 ## - PUBLICACIÓN, DISTRIBUCIÓN, ETC. (PIE DE IMPRENTA)
Lugar de publicación, distribución, etc Bogotá :
Nombre del editor, distribuidor, etc. Zamora Editores ,
Fecha de publicación, distribución, etc 2011
300 ## - DESCRIPCIÓN FÍSICA
Extensión 376 p. :
Otros detalles físicos il. :
Dimensiones 28 cm
650 #4 - ENCABEZAMIENTO DE MATERIA--TEMÁTICO
Término temático o nombre geográfico como elemento de entrada Ecología.
650 #4 - ENCABEZAMIENTO DE MATERIA--TEMÁTICO
Término temático o nombre geográfico como elemento de entrada Ecosistemas.
650 #4 - ENCABEZAMIENTO DE MATERIA--TEMÁTICO
Término temático o nombre geográfico como elemento de entrada Ecosistemas acuáticos.
650 #4 - ENCABEZAMIENTO DE MATERIA--TEMÁTICO
Término temático o nombre geográfico como elemento de entrada Contaminación.
700 1# - ASIENTO SECUNDARIO -- NOMBRE PERSONAL
Nombre personal Banchs, Jaime.
700 1# - ASIENTO SECUNDARIO -- NOMBRE PERSONAL
Nombre personal Grasa, Victoria
Mención de responsabilidad ils.
710 2# - ASIENTO SECUNDARIO -- NOMBRE CORPORATIVO
Nombre corporativo o de jurisdicción Océano Grupo Editorial
910 ## - VALIDACIÓN
Validación VMateo
942 ## - ADDED ENTRY ELEMENTS (KOHA)
Source of classification or shelving scheme Dewey Decimal Classification
Koha item type Libros
956 ## - LOCAL ELECTRONIC LOCATION AND ACCESS (OCLC)
Nombre de host dgarcia
Existencias
Withdrawn status Lost status Source of classification or shelving scheme Damaged status Not for loan Collection code Home library Current library Date acquired Full call number Barcode Date last seen Price effective from Koha item type
    Dewey Decimal Classification     Colección General Biblioteca Pública Metropolitana Salomé Ureña Biblioteca Pública Metropolitana Salomé Ureña 03/14/2022 BPMSU CG 574 M965e 2002 BPMSU22030033 03/14/2022 03/14/2022 Libros